000 00299nam a2200133Ia 4500
100 _aBagad/ Vilas/ Dhotre/ Iresh
942 _cBK
654 _acomputer
245 _aComputer Networks & Communication
260 _bTechnical
_c2001
082 _a4.6
_bBAG/DHO
300 _a251
546 _aENGLISH
999 _c22867
_d22867